Statistics for India Cities Map Quiz

Click here to take the quiz!

General Stats

  • This quiz has been taken 214 times
  • The average score is 14 of 24

Answers on the Map

Answers color-coded by a green-red scale on the quiz's map according to % correct below.
 

Answer Stats

Answer% Correct
Delhi
दिल्ली
89%
Kolkata
কলকাতা
82%
Mumbai
मुंबई
79%
Jaipur
जयपुर
77%
Bengaluru
ಬೆಂಗಳೂರು
76%
Chennai
சென்னை
76%
Agra
आगरा
74%
Ahmedabad
અમદાવાદ
73%
Hyderabad
హైదరాబాద్
71%
Pune
पुणे
69%
Surat
સુરત
69%
Lucknow
लखनऊ
68%
Patna
पटना
65%
Nagpur
नागपूर
62%
Bhopal
भोपाल
59%
Thiruvananthapuram
തിരുവനന്തപുരം
54%
Indore
इंदौर
51%
Coimbatore
கோயம்புத்தூர்
48%
Kanpur
कानपुर
47%
Kochi
കൊച്ചി
35%
Malappuram
മലപ്പുറം
28%
Kannur
കണ്ണൂര്‍
24%
Thrissur
തൃശ്ശൂര്‍
24%
Kozhikode
കോഴിക്കോട്
23%

Score Distribution

Percentile by Number Answered

Percent of People with Each Score

Your Score History

You have not taken this quiz